000 00601nam a22002057a 4500
003 OSt
005 20160713170612.0
008 160713b xxu||||| |||| 00| 0 eng d
020 _a9781853157318
040 _c040a
082 _aWA 20.5
_bB23g 2008
100 _aBarakat, Nagi Giumma
_910180
245 _aGet through MRCPCH part 2:
_bdata interpretation questions /
_cNagi Giumma Barakat
250 _a2nd.ed
260 _aLondon
_bThe royal society of medicine press
_c2008
300 _axii, 187p;
_bill :
_c15 cm.
504 _aIncludes index
650 _aPaediatrics
_93350
942 _2z
_cO_SHELF
999 _c4726
_d4726